[Event "Hessen-ch op-A"]
[Site "Frankfurt Sossenheim"]
[Date "2015.??.??"]
[Round "5"]
[White "Hillgaertner, Walter"]
[Black "Kuhn, Gerhard"]
[Result "1/2-1/2"]
[WhiteElo "1922"]
[BlackElo "1980"]
[PlyCount "65"]
[EventDate "2015.05.13"]
[EventType "swiss"]
[EventRounds "7"]
[EventCountry "GER"]
[SourceTitle "EXT 2016"]
[Source "ChessBase"]
[SourceDate "2015.10.08"]
[SourceVersion "1"]
[SourceVersionDate "2015.10.08"]
[SourceQuality "1"]

1. d4 Nf6 2. Nf3 g6 3. c4 Bg7 4. Nc3 d5 5. e3 0-0 6. Be2 c5 7. 0-0 cxd4 8. exd4 Nc6 9. h3 dxc4 10. Bxc4 a6 11. a3 b5 12. Ba2 Bb7 13. Be3 e6 14. Qe2 Qd6 15. Rfd1 Ne7 16. Rac1 Rac8 17. Ne5 Ned5 18. Nxd5 Nxd5 19. Bd2 Rfe8 20. Bb1 Nf6 21. Rxc8 Rxc8 22. Bb4 Qd5 23. f3 Qd8 24. Bc3 Nd5 25. Be1 Nf4 26. Qe3 Qg5 27. Ng4 h5 28. h4 Qd8 29. Qxf4 hxg4 30. Qxg4 Rc4 31. Bf2 e5 32. Ba2 Rc6 33. d5 1/2-1/2

[Event "Karl Mala Memorial op-A 16th"]
[Site "Frankfurt"]
[Date "2013.07.11"]
[Round "1"]
[White "Langheinrich, Ferenc"]
[Black "Hillgaertner, Walter"]
[Result "1-0"]
[WhiteElo "2442"]
[BlackElo "1939"]
[PlyCount "73"]
[EventDate "2013.07.11"]
[EventType "swiss"]
[EventRounds "7"]
[EventCountry "GER"]
[SourceTitle "EXT 2014"]
[Source "ChessBase"]
[SourceDate "2013.11.20"]
[SourceVersion "1"]
[SourceVersionDate "2013.11.20"]
[SourceQuality "1"]

1. Nf3 Nf6 2. c4 e6 3. g3 d5 4. Bg2 c6 5. b3 Be7 6. 0-0 0-0 7. Bb2 Nbd7 8. d3 b6 9. Qc2 Bb7 10. e4 Rc8 11. Nbd2 Qc7 12. e5 Ne8 13. Rfe1 Qb8 14. h4 Qa8 15. Ng5 h6 16. Nh3 c5 17. cxd5 Bxd5 18. Ne4 Nc7 19. Nf4 Bb7 20. Bh3 Rfd8 21. Qd1 Bxe4 22. Rxe4 Nf8 23. Bg2 Qb8 24. Nh5 Ne8 25. Rg4 Ng6 26. Rxg6 fxg6 27. Nf4 Nc7 28. Qg4 Rf8 29. Nxe6 Kh7 30. Nxf8+ Rxf8 31. Be4 Qe8 32. h5 Kh8 33. Bxg6 Qc6 34. Re1 Nb5 35. Be4 Qe8 36. Rc1 Qf7 37. f4 1-0

[Event "Rhein Main op-A 16th"]
[Site "Bad Homburg"]
[Date "2013.05.30"]
[Round "2"]
[White "Schenk, Thomas"]
[Black "Hillgaertner, Walter"]
[Result "1-0"]
[WhiteElo "1690"]
[BlackElo "1939"]
[PlyCount "97"]
[EventDate "2013.05.29"]
[EventType "swiss"]
[EventRounds "7"]
[EventCountry "GER"]
[SourceTitle "EXT 2014"]
[Source "ChessBase"]
[SourceDate "2013.11.20"]
[SourceVersion "1"]
[SourceVersionDate "2013.11.20"]
[SourceQuality "1"]

1. d4 Nf6 2. c4 e6 3. Nc3 d5 4. cxd5 exd5 5. Bg5 Be7 6. e3 c6 7. Bd3 Nbd7 8. Nge2 Nf8 9. 0-0 Ne6 10. Bh4 0-0 11. Qc2 g6 12. a3 Ng7 13. b4 a6 14. Rfb1 Bf5 15. Na4 Bxd3 16. Qxd3 Ne4 17. Bxe7 Qxe7 18. Nc5 f5 19. a4 Nd6 20. g3 Ne6 21. Nxe6 Qxe6 22. Nc3 b5 23. Nd1 Nc4 24. Nb2 Qe7 25. Qc3 Qd6 26. Nd3 Rfe8 27. Nc5 Qe7 28. Ra2 g5 29. Rba1 Nb6 30. axb5 axb5 31. Rxa8 Rxa8 32. Rxa8+ Nxa8 33. Nd3 Qd6 34. Ne5 Nb6 35. Qxc6 Qxc6 36. Nxc6 Kf7 37. Na7 Ke6 38. Nxb5 f4 39. Kg2 fxe3 40. fxe3 g4 41. Kf2 Kf5 42. Nc3 h5 43. b5 Ke6 44. e4 dxe4 45. Nxe4 Kf5 46. Nc3 Nc4 47. Ke2 Kg5 48. Kd3 Nd6 49. Ne4+ 1-0

[Event "Hofheim Spring op-A 1st"]
[Site "Hofheim"]
[Date "2013.04.06"]
[Round "8"]
[White "De Strycker, Nathan"]
[Black "Hillgaertner, Walter"]
[Result "1/2-1/2"]
[WhiteElo "2033"]
[BlackElo "1953"]
[PlyCount "63"]
[EventDate "2013.04.02"]
[EventType "swiss"]
[EventRounds "9"]
[EventCountry "GER"]
[SourceTitle "CBM 153 Extra"]
[Source "ChessBase"]
[SourceDate "2013.04.22"]
[SourceVersion "1"]
[SourceVersionDate "2013.04.22"]
[SourceQuality "1"]

1. d4 Nf6 2. c4 e6 3. Nc3 Bb4 4. e3 0-0 5. Bd3 d5 6. Nge2 c5 7. 0-0 cxd4 8. exd4 Nc6 9. Bg5 Be7 10. Qd2 b6 11. f3 dxc4 12. Bxc4 Na5 13. Bd3 Bb7 14. Qc2 h6 15. Be3 Rc8 16. Bf2 Nc6 17. a3 Na5 18. b4 Nc6 19. Rfd1 Nd5 20. Nxd5 exd5 21. Qb2 Bf6 22. Re1 Re8 23. Ng3 g6 24. Rac1 Rxe1+ 25. Rxe1 Bg7 26. Bb5 a6 27. Ba4 b5 28. Bb3 Qd6 29. Ne2 Rd8 30. Qd2 Qf6 31. Rd1 Ne7 32. Bg3 1/2-1/2

[Event "Hofheim Spring op-A 1st"]
[Site "Hofheim"]
[Date "2013.04.05"]
[Round "7"]
[White "Hillgaertner, Walter"]
[Black "Henrich, David"]
[Result "1/2-1/2"]
[WhiteElo "1953"]
[BlackElo "1835"]
[PlyCount "49"]
[EventDate "2013.04.02"]
[EventType "swiss"]
[EventRounds "9"]
[EventCountry "GER"]
[SourceTitle "EXT 2018"]
[Source "ChessBase"]
[SourceDate "2017.10.13"]
[SourceVersion "1"]
[SourceVersionDate "2017.10.13"]
[SourceQuality "1"]

1. d4 d6 2. Nf3 g6 3. e4 Bg7 4. c4 Nf6 5. Nc3 0-0 6. Be2 e5 7. dxe5 dxe5 8. Qxd8 Rxd8 9. Bg5 Re8 10. 0-0 Bg4 11. h3 Bxf3 12. Bxf3 h6 13. Be3 c6 14. Rad1 Bf8 15. a3 Nbd7 16. Rd2 Nc5 17. g3 Nb3 18. Rdd1 b6 19. Kg2 Rad8 20. Rxd8 Rxd8 21. Rd1 Rxd1 22. Bxd1 Nd4 23. f4 Ne6 24. fxe5 Nd7 25. Be2 1/2-1/2

[Event "Hofheim Spring op-A 1st"]
[Site "Hofheim"]
[Date "2013.04.04"]
[Round "4"]
[White "Hillgaertner, Walter"]
[Black "Mager, Denis"]
[Result "0-1"]
[WhiteElo "1953"]
[BlackElo "2013"]
[PlyCount "120"]
[EventDate "2013.04.02"]
[EventType "swiss"]
[EventRounds "9"]
[EventCountry "GER"]
[SourceTitle "CBM 153 Extra"]
[Source "ChessBase"]
[SourceDate "2013.04.22"]
[SourceVersion "1"]
[SourceVersionDate "2013.04.22"]
[SourceQuality "1"]

1. d4 d5 2. Nf3 Nf6 3. e3 e6 4. Bd3 Bd6 5. Nbd2 c5 6. c3 Nc6 7. Qe2 cxd4 8. exd4 Qc7 9. 0-0 Bd7 10. Re1 0-0-0 11. Nf1 h5 12. Bg5 Rde8 13. Qc2 e5 14. dxe5 Nxe5 15. Nxe5 Bxe5 16. Bf5 g6 17. Bxd7+ Nxd7 18. Qa4 Kb8 19. Be3 Nb6 20. Qb5 Qc4 21. Qb3 f6 22. Nd2 Qc6 23. Nf3 Nc4 24. Bd4 Bxd4 25. Nxd4 Qb6 26. Qxb6 Nxb6 27. b3 Re5 28. Nf3 Re4 29. Nd2 Ree8 30. Kf1 Kc7 31. Nf3 a6 32. Nd4 Re4 33. f3 Re5 34. Rxe5 fxe5 35. Ne6+ Kd6 36. Ng5 Rc8 37. Rc1 a5 38. Ke2 a4 39. Kd3 Nd7 40. b4 Nb6 41. Re1 Nc4 42. Re2 Rf8 43. h4 Rf4 44. g3 Rf8 45. Rg2 a3 46. Re2 b5 47. Kc2 Rc8 48. Kb3 Rc7 49. Rg2 Ne3 50. Rd2 Nc4 51. Rg2 Ke7 52. Re2 Kf6 53. Nh3 d4 54. cxd4 exd4 55. Nf4 Nd2+ 56. Kxa3 Rc3+ 57. Kb2 Nc4+ 58. Kb1 Rxf3 59. Re6+ Kf7 60. Rb6 Nxb6 0-1

[Event "Wiesbaden op 24th"]
[Site "Wiesbaden"]
[Date "2012.08.26"]
[Round "6"]
[White "Seidel, Juergen"]
[Black "Hillgaertner, Walter"]
[Result "1/2-1/2"]
[WhiteElo "2059"]
[BlackElo "1962"]
[PlyCount "85"]
[EventDate "2012.08.23"]
[EventType "swiss"]
[EventRounds "7"]
[EventCountry "GER"]
[SourceTitle "CBM 150 Extra"]
[Source "ChessBase"]
[SourceDate "2012.10.19"]
[SourceVersion "1"]
[SourceVersionDate "2012.10.19"]
[SourceQuality "1"]

1. d4 Nf6 2. c4 e6 3. g3 d5 4. Bg2 c6 5. Qc2 Nbd7 6. Nf3 Be7 7. 0-0 0-0 8. b3 Ne4 9. Ne1 Nd6 10. Nd2 b6 11. Bb2 Bb7 12. f3 Rc8 13. b4 dxc4 14. Nxc4 Nxc4 15. Qxc4 c5 16. dxc5 bxc5 17. b5 Bf6 18. Nd3 Bxb2 19. Nxb2 Nb6 20. Qc2 c4 21. e4 a6 22. Rfd1 Qc7 23. bxa6 Bxa6 24. Qc3 Qc5+ 25. Kh1 Rfd8 26. Rac1 Bb5 27. Bf1 Rxd1 28. Rxd1 h6 29. Kg2 Ra8 30. Ra1 Ra3 31. Qc1 Qb4 32. Nd1 Qa5 33. Be2 Rxa2 34. Rxa2 Qxa2 35. Nc3 Qa5 36. Kf2 Ba6 37. Qb2 Qc5+ 38. Kf1 Bc8 39. Qa2 Bd7 40. Qa7 Qc6 41. Qb8+ Kh7 42. Qf8 f6 43. Kf2 1/2-1/2

[Event "Rhein Main op-A 15th"]
[Site "Bad Homburg"]
[Date "2012.06.09"]
[Round "5"]
[White "Gude, Michael"]
[Black "Hillgaertner, Walter"]
[Result "1-0"]
[WhiteElo "1798"]
[BlackElo "1991"]
[PlyCount "85"]
[EventDate "2012.06.06"]
[EventType "swiss"]
[EventRounds "7"]
[EventCountry "GER"]
[SourceTitle "EXT 2013"]
[Source "ChessBase"]
[SourceDate "2012.11.22"]
[SourceVersion "1"]
[SourceVersionDate "2012.11.22"]
[SourceQuality "1"]

1. e4 c5 2. Nf3 e6 3. Nc3 Nc6 4. Bb5 a6 5. Bxc6 bxc6 6. d3 d6 7. 0-0 e5 8. h3 Nf6 9. Nh2 Be7 10. f4 0-0 11. fxe5 dxe5 12. Nf3 Qc7 13. b3 Nh5 14. Na4 g6 15. Be3 Rb8 16. Nxc5 Qa7 17. d4 exd4 18. Qxd4 Bxc5 19. Qxc5 Qxc5 20. Bxc5 Re8 21. Rfe1 Rb5 22. b4 Ng7 23. Nd4 Rb7 24. Nxc6 Ne6 25. Bd6 Rd7 26. Rad1 Bb7 27. Na5 Ba8 28. c4 Ng5 29. e5 Rc8 30. c5 Ne6 31. Nc4 Re8 32. Nb6 Rb7 33. a4 Ra7 34. Nxa8 Raxa8 35. Rb1 Rec8 36. Rec1 Nd4 37. Kf2 Ra7 38. g4 Rb7 39. Ke3 Nc6 40. b5 axb5 41. axb5 Na5 42. c6 Nxc6 43. bxc6 1-0

[Event "Rhein Main op-A 15th"]
[Site "Bad Homburg"]
[Date "2012.06.07"]
[Round "2"]
[White "Hillgaertner, Walter"]
[Black "Christen, Stefan"]
[Result "1/2-1/2"]
[WhiteElo "1991"]
[BlackElo "1868"]
[PlyCount "66"]
[EventDate "2012.06.06"]
[EventType "swiss"]
[EventRounds "7"]
[EventCountry "GER"]
[SourceTitle "EXT 2013"]
[Source "ChessBase"]
[SourceDate "2012.11.22"]
[SourceVersion "1"]
[SourceVersionDate "2012.11.22"]
[SourceQuality "1"]

1. d4 Nf6 2. Bf4 e6 3. e3 c5 4. c3 b6 5. Nd2 Bb7 6. h3 Be7 7. Ngf3 0-0 8. Be2 Re8 9. 0-0 a6 10. Re1 d6 11. Bf1 Ne4 12. Nxe4 Bxe4 13. Nd2 Bc6 14. a3 Nd7 15. Bg3 Qc7 16. b4 Qb7 17. Nc4 cxb4 18. cxb4 d5 19. Nb2 Nf6 20. Be5 Qd7 21. Nd3 Bb5 22. Qb3 Ne4 23. Qb2 Bxd3 24. Bxd3 Nd6 25. Qe2 b5 26. Qh5 g6 27. Qh6 Bf8 28. Qh4 Be7 29. Bf6 Nc4 30. Bxe7 Qxe7 31. Qf4 Qd6 32. Qf6 Qe7 33. Qf4 Qd6 1/2-1/2

[Event "Hessen-chA"]
[Site "Offenbach"]
[Date "2012.04.05"]
[Round "3"]
[White "Hillgaertner, Walter"]
[Black "Will, Patrick"]
[Result "1/2-1/2"]
[WhiteElo "1967"]
[BlackElo "2069"]
[PlyCount "57"]
[EventDate "2012.04.05"]
[EventType "swiss"]
[EventRounds "7"]
[EventCountry "GER"]
[SourceTitle "EXT 2013"]
[Source "ChessBase"]
[SourceDate "2012.11.22"]
[SourceVersion "1"]
[SourceVersionDate "2012.11.22"]
[SourceQuality "1"]

1. d4 Nf6 2. Bf4 c5 3. e3 g6 4. c3 Bg7 5. h3 0-0 6. Nd2 b6 7. Ngf3 Bb7 8. Be2 Nc6 9. 0-0 d6 10. a4 a5 11. Bh2 Ba6 12. Bxa6 Rxa6 13. Nc4 d5 14. Nce5 Nxe5 15. Bxe5 Nd7 16. Bxg7 Kxg7 17. Qe2 Ra7 18. Rfd1 e6 19. e4 dxe4 20. Qxe4 Nf6 21. Qe2 Qc7 22. dxc5 bxc5 23. Ne5 Rb7 24. Nc4 Nd5 25. Rd2 Rd8 26. Qe5+ Qxe5 27. Nxe5 Kf6 28. Nc4 Ra7 29. Rad1 1/2-1/2

[Event "Main Vogelsberg op 6th"]
[Site "Hanau"]
[Date "2011.06.04"]
[Round "4"]
[White "Hillgaertner, Walter"]
[Black "Bingert, Tim Niklas"]
[Result "1-0"]
[WhiteElo "1861"]
[BlackElo "1679"]
[PlyCount "95"]
[EventDate "2011.06.02"]
[EventType "swiss"]
[EventRounds "7"]
[EventCountry "GER"]
[SourceTitle "CBM 142 Extra"]
[Source "ChessBase"]
[SourceDate "2011.06.27"]
[SourceVersion "1"]
[SourceVersionDate "2011.06.27"]
[SourceQuality "1"]

1. d4 Nf6 2. Bf4 d6 3. e3 g6 4. h3 Bg7 5. Nf3 0-0 6. Be2 Nbd7 7. 0-0 c5 8. c3 b6 9. Nbd2 Bb7 10. a4 a6 11. Re1 d5 12. Ne5 c4 13. Bf3 b5 14. axb5 axb5 15. Qc2 Nxe5 16. Bxe5 Nd7 17. Bxg7 Kxg7 18. e4 e6 19. exd5 Bxd5 20. Bxd5 exd5 21. Nf3 Qf6 22. Qd2 h6 23. Nh2 g5 24. Ng4 Qd6 25. Ne3 Kh8 26. Qc2 Nb6 27. Qf5 Kg7 28. Qf3 Qf6 29. Nf5+ Kg6 30. g4 Rfd8 31. Qe2 Na4 32. Qc2 Kh7 33. Re5 Kh8 34. Rae1 Nb6 35. Kg2 Rac8 36. Ng3 Na8 37. Nh5 Qg6 38. Qe2 Nc7 39. Qf3 Rd6 40. Rf5 Kg8 41. Rf6 Rxf6 42. Nxf6+ Kf8 43. Nxd5 Ne6 44. Re5 Rd8 45. Kg3 Rd7 46. Nf6 Ra7 47. Rf5 Nf4 48. Qc6 1-0

[Event "Eschborn op 08th"]
[Site "Eschborn"]
[Date "2011.05.18"]
[Round "5"]
[White "Hillgaertner, Walter"]
[Black "Stock, Juergen"]
[Result "1-0"]
[WhiteElo "1918"]
[BlackElo "1991"]
[PlyCount "134"]
[EventDate "2011.05.13"]
[EventType "swiss"]
[EventRounds "5"]
[EventCountry "GER"]
[SourceTitle "EXT 2014"]
[Source "ChessBase"]
[SourceDate "2013.11.20"]
[SourceVersion "1"]
[SourceVersionDate "2013.11.20"]
[SourceQuality "1"]

1. d4 e6 2. Nf3 f5 3. e3 Nf6 4. Be2 d5 5. c4 c6 6. Nc3 Bd6 7. b3 0-0 8. Bb2 Nbd7 9. Qc2 Qe8 10. 0-0-0 Ne4 11. Rdf1 a5 12. a3 b6 13. Nxe4 fxe4 14. Ne5 Bxe5 15. dxe5 Nc5 16. Kb1 Ba6 17. f4 exf3 18. gxf3 a4 19. b4 Nb3 20. Rd1 Bxc4 21. f4 Bxe2 22. Qxe2 c5 23. Bc3 d4 24. exd4 Rxf4 25. dxc5 Qg6+ 26. Qd3 Qxd3+ 27. Rxd3 bxc5 28. Rd6 Rf3 29. Kb2 cxb4 30. Bxb4 Rf2+ 31. Kc3 Rc8+ 32. Kd3 h6 33. h4 Rf4 34. Rh3 Rc1 35. Ke3 Rcc4 36. Rxe6 Rce4+ 37. Kd3 Rd4+ 38. Ke3 Rfe4+ 39. Kf3 Rxb4 40. axb4 Rxb4 41. Ra6 Kf7 42. Rh1 Nc5 43. Rc6 Rb3+ 44. Ke2 Ne4 45. Ra1 a3 46. Rc4 Nc3+ 47. Kd2 Nb5 48. Rc6 Rh3 49. Rb6 Nd4 50. Rf1+ Ke7 51. e6 Nf3+ 52. Kc2 a2 53. Ra6 Nd4+ 54. Kb2 Rh2+ 55. Kc3 Nb5+ 56. Kd3 Nd6 57. Re1 Rh3+ 58. Kc2 Rxh4 59. Ra7+ Kf6 60. e7 Rh2+ 61. Kb3 Ne8 62. Ra8 Kf7 63. Ra4 Rf2 64. Rxa2 Rxa2 65. Kxa2 Kf6 66. Kb3 Kf5 67. Kc4 g5 1-0

[Event "Frankfurt-ch"]
[Site "Frankfurt"]
[Date "2011.05.02"]
[Round "1"]
[White "Zuyev, Igor"]
[Black "Hillgaertner, Walter"]
[Result "1-0"]
[WhiteElo "2348"]
[BlackElo "1931"]
[PlyCount "67"]
[EventDate "2011.05.02"]
[EventType "swiss"]
[EventRounds "7"]
[EventCountry "GER"]
[SourceTitle "EXT 2012"]
[Source "ChessBase"]
[SourceDate "2011.11.24"]
[SourceVersion "1"]
[SourceVersionDate "2011.11.24"]
[SourceQuality "1"]

1. e4 e6 2. d4 d5 3. Nc3 Bb4 4. e5 Qd7 5. Qg4 f5 6. Qh5+ g6 7. Qf3 Nc6 8. Nge2 a6 9. Bf4 b6 10. a3 Bf8 11. 0-0-0 Bb7 12. Kb1 0-0-0 13. h4 h6 14. g4 Nge7 15. Be3 Kb8 16. Nf4 Rc8 17. gxf5 gxf5 18. Rg1 Nd8 19. Nh5 Nec6 20. Nf6 Qf7 21. Qg3 Na5 22. Qg6 Nc4 23. Bxc4 dxc4 24. d5 Qxg6 25. Nd7+ Ka7 26. Rxg6 exd5 27. Nxd5 Nc6 28. Nxc7 Rxc7 29. Bxb6+ Ka8 30. Bxc7 Ne7 31. Re6 Bf3 32. Rf1 Nd5 33. Re8+ Kb7 34. Bd6 1-0

[Event "Frankfurt-ch"]
[Site "Frankfurt"]
[Date "2010.06.14"]
[Round "7"]
[White "Syed, Tareq"]
[Black "Hillgaertner, Walter"]
[Result "1/2-1/2"]
[WhiteElo "2112"]
[BlackElo "1946"]
[PlyCount "73"]
[EventDate "2010.04.26"]
[EventType "swiss"]
[EventRounds "7"]
[EventCountry "GER"]
[SourceTitle "EXT 2011"]
[Source "ChessBase"]
[SourceDate "2010.11.26"]
[SourceVersion "1"]
[SourceVersionDate "2010.11.26"]
[SourceQuality "1"]

1. e4 c5 2. d3 Nc6 3. g3 d6 4. Bg2 g6 5. f4 Bg7 6. Nh3 Rb8 7. Nf2 e6 8. c3 Nge7 9. g4 f5 10. h4 Bd7 11. h5 b5 12. h6 Bf8 13. g5 Nc8 14. Nd2 Be7 15. Nf3 Nb6 16. exf5 exf5 17. 0-0 Qc8 18. d4 0-0 19. Re1 Rf7 20. dxc5 dxc5 21. Nd3 Bf8 22. Nde5 Re7 23. b3 Qe8 24. Bb2 Rd8 25. Qc1 Re6 26. Bf1 Nxe5 27. Nxe5 c4 28. bxc4 Bc5+ 29. Kh2 bxc4 30. Nxc4 Nd5 31. Ne5 Rb8 32. Rb1 Bd6 33. Bc4 Bc6 34. Bxd5 Bxd5 35. c4 Be4 36. Qc3 Bxe5 37. fxe5 1/2-1/2

[Event "Rhein Main op 13th"]
[Site "Bad Homburg"]
[Date "2010.06.05"]
[Round "5"]
[White "Zerhusen, Martin"]
[Black "Hillgaertner, Walter"]
[Result "1/2-1/2"]
[WhiteElo "1703"]
[BlackElo "1934"]
[PlyCount "93"]
[EventDate "2010.06.02"]
[EventType "swiss"]
[EventRounds "7"]
[EventCountry "GER"]
[SourceTitle "EXT 2011"]
[Source "ChessBase"]
[SourceDate "2010.11.26"]
[SourceVersion "1"]
[SourceVersionDate "2010.11.26"]
[SourceQuality "1"]

1. d4 g6 2. c4 Bg7 3. Nc3 d6 4. Nf3 Nd7 5. Bf4 c5 6. e3 Ngf6 7. h3 0-0 8. Be2 b6 9. 0-0 Bb7 10. d5 a6 11. a4 Re8 12. Qd3 Nf8 13. Rad1 Bc8 14. Rfe1 Bd7 15. b3 Qc7 16. e4 Nh5 17. Bh2 Bh6 18. Bf1 Nf4 19. Bxf4 Bxf4 20. g3 Bh6 21. Kh2 Bg7 22. Ng1 Rab8 23. f4 h5 24. Nf3 Nh7 25. e5 Rf8 26. exd6 exd6 27. Re3 Rfe8 28. Rde1 Rxe3 29. Rxe3 Re8 30. Qd2 Qd8 31. Kg2 Rxe3 32. Qxe3 Qf6 33. Ne4 Qb2+ 34. Nfd2 Bf8 35. Qc3 Qxc3 36. Nxc3 Nf6 37. Nce4 Kg7 38. Nxf6 Kxf6 39. Bd3 Ke7 40. h4 Bg7 41. Bc2 Bg4 42. Nf3 Bc3 43. Kf2 Bd7 44. Ke3 b5 45. axb5 axb5 46. Bd3 b4 47. Bc2 1/2-1/2

[Event "Frankfurt-ch"]
[Site "Frankfurt"]
[Date "2010.05.10"]
[Round "3"]
[White "Kuemmel, Werner"]
[Black "Hillgaertner, Walter"]
[Result "0-1"]
[WhiteElo "1279"]
[BlackElo "1946"]
[PlyCount "128"]
[EventDate "2010.04.26"]
[EventType "swiss"]
[EventRounds "7"]
[EventCountry "GER"]
[SourceTitle "EXT 2011"]
[Source "ChessBase"]
[SourceDate "2010.11.26"]
[SourceVersion "1"]
[SourceVersionDate "2010.11.26"]
[SourceQuality "1"]

1. d4 g6 2. c4 Bg7 3. Nc3 d6 4. e4 a6 5. Nf3 c6 6. Be2 b5 7. b4 Nf6 8. 0-0 0-0 9. Be3 bxc4 10. Bxc4 d5 11. exd5 cxd5 12. Be2 Bb7 13. Nd2 Nbd7 14. a4 e5 15. Rc1 Re8 16. a5 exd4 17. Bxd4 Qe7 18. b5 axb5 19. Bxb5 Rxa5 20. Be2 Ba6 21. Bxa6 Rxa6 22. Nb5 Ra2 23. Nf3 Qb4 24. Nc7 Rf8 25. Nxd5 Nxd5 26. Bxg7 Kxg7 27. Qxd5 Qa4 28. h3 Nf6 29. Qd4 Qxd4 30. Nxd4 Nh5 31. Nf3 Nf4 32. Kh2 Nd3 33. Ra1 Rxa1 34. Rxa1 Nxf2 35. Rf1 Ne4 36. Re1 f5 37. Ra1 Rf7 38. Ne5 Re7 39. Nf3 h6 40. Re1 Kf6 41. Rf1 Rd7 42. Re1 Ra7 43. Rf1 Ra2 44. Kg1 Nd2 45. Nxd2 Rxd2 46. Rf3 g5 47. Ra3 h5 48. Ra5 Ke6 49. Ra6+ Ke5 50. Ra5+ Rd5 51. Ra1 f4 52. Re1+ Kf5 53. Rf1 g4 54. hxg4+ hxg4 55. Kh2 Rd2 56. Kh1 Re2 57. Kh2 f3 58. Rg1 Kf4 59. Rf1 Rxg2+ 60. Kh1 Re2 61. Kg1 g3 62. Ra1 g2 63. Ra4+ Re4 64. Ra2 Re1+ 0-1

[Event "Karl Mala Memorial op 12th"]
[Site "Frankfurt"]
[Date "2009.07.19"]
[Round "7"]
[White "Schloeffel, Christian"]
[Black "Hillgaertner, Walter"]
[Result "0-1"]
[WhiteElo "1863"]
[BlackElo "1943"]
[PlyCount "52"]
[EventDate "2009.07.16"]
[EventType "swiss"]
[EventRounds "7"]
[EventCountry "GER"]
[SourceTitle "EXT 2010"]
[Source "ChessBase"]
[SourceDate "2010.11.25"]
[SourceVersion "1"]
[SourceVersionDate "2010.11.25"]
[SourceQuality "1"]

1. e4 g6 2. d4 Bg7 3. Nf3 d6 4. g3 Nd7 5. Bg2 e5 6. dxe5 dxe5 7. Nc3 c6 8. b3 Ne7 9. Qd6 0-0 10. Ba3 Re8 11. Rd1 Qa5 12. Bb4 Qa6 13. a4 Bf8 14. Bf1 Qb6 15. a5 Qd8 16. Nxe5 Nd5 17. Nxc6 Bxd6 18. Nxd8 Bxb4 19. Rxd5 Bxc3+ 20. Kd1 Nf6 21. Rd3 Bxa5 22. Nxf7 Kxf7 23. Rd6 Rd8 24. Bc4+ Kg7 25. e5 Rxd6+ 26. exd6 Ne4 0-1

[Event "Frankfurt-ch"]
[Site "Frankfurt"]
[Date "2009.06.22"]
[Round "6"]
[White "Hillgaertner, Walter"]
[Black "Rasche, Hannes"]
[Result "1-0"]
[WhiteElo "1976"]
[BlackElo "1993"]
[PlyCount "127"]
[EventDate "2009.04.27"]
[EventType "tourn"]
[EventRounds "7"]
[EventCountry "GER"]
[SourceTitle "EXT 2010"]
[Source "ChessBase"]
[SourceDate "2010.11.25"]
[SourceVersion "1"]
[SourceVersionDate "2010.11.25"]
[SourceQuality "1"]

1. Nf3 Nf6 2. c4 g6 3. b4 a5 4. b5 Bg7 5. Bb2 0-0 6. g3 b6 7. Bg2 Bb7 8. 0-0 d6 9. Qc2 Nbd7 10. d3 Rb8 11. Nbd2 Nc5 12. Nb3 Ne6 13. a4 h6 14. Bc3 Qe8 15. Qb2 Nd8 16. Rae1 e5 17. e4 Nh7 18. d4 f6 19. Nfd2 Nf7 20. f4 Qd7 21. dxe5 fxe5 22. f5 Nh8 23. fxg6 Nxg6 24. Nf3 Qe6 25. Qe2 Rf7 26. Nbd2 Rbf8 27. Bb2 Nf6 28. Bc1 Nd7 29. Ba3 Bc8 30. Nb1 Nf6 31. Nc3 Qe8 32. Nd5 Be6 33. Bc1 Qc8 34. Bd2 Bg4 35. Qd3 Nd7 36. Nh4 Nxh4 37. gxh4 Nc5 38. Qc2 Bh3 39. Rxf7 Rxf7 40. Be3 Nb7 41. Qe2 Bg4 42. Qd2 Kh7 43. Rf1 Rxf1+ 44. Kxf1 Nd8 45. Qf2 Qd7 46. Qg3 Qf7+ 47. Ke1 Be6 48. Bh3 Kh8 49. Bg4 Qg6 50. Bxe6 Qxg3+ 51. hxg3 Nxe6 52. Ke2 Kg8 53. Ne7+ Kh7 54. Nf5 Bf8 55. g4 Nd8 56. Kf3 Ne6 57. g5 hxg5 58. hxg5 Kg6 59. Kg4 Ng7 60. Nh4+ Kf7 61. g6+ Kf6 62. Bg5+ Ke6 63. Nf5 Ne8 64. Kh5 1-0